Berichte und Mitteilungen

Gespeichert in:
Bibliographische Detailangaben
Format: Buch
Sprache:Deutsch
Veröffentlicht: Berlin Hochschule für Ökonomie "Bruno Leuschner" 1988
Ausgabe:1. Aufl.
Schriftenreihe:Zentrale Arbeitsgruppe Informationsverarbeitung Heft 5
Tags: Tag hinzufügen
Keine Tags, Fügen Sie das erste Tag hinzu!

MARC

LEADER 00000nam a2200000 4500
001 c025439
005 20221219110820.1
041 0 |a ger 
044 |a DE 
245 1 0 |a Berichte und Mitteilungen 
250 |a 1. Aufl. 
264 1 |a Berlin  |b Hochschule für Ökonomie "Bruno Leuschner"  |c 1988 
300 |a 165 s. 
490 1 |a Zentrale Arbeitsgruppe Informationsverarbeitung  |v Heft 5 
830 0 |a Zentrale Arbeitsgruppe Informationsverarbeitung  |v Heft 5